Normal view
MARC view
Entry Topical Term
001 - CONTROL NUMBER
- control field: 26070
003 - CONTROL NUMBER IDENTIFIER
- control field: ARRUPE
005 - DATE AND TIME OF LATEST TRANSACTION
- control field: 20160922100400.0
008 - FIXED-LENGTH DATA ELEMENTS
- fixed length control field: 160922|| aca||aabn | a|a d
040 ## - CATALOGING SOURCE
- Original cataloging agency: ARRUPE
- Transcribing agency: ARRUPE
150 ## - HEADING--TOPICAL TERM
- Topical term or geographic name as entry element: Elections
- Geographic subdivision: Zimbabwe.
670 ## - SOURCE DATA FOUND
- Source citation: Work cat.: (ARRUPE)0: Commonwealth Observer Group. 26069, Southern Rhodesia elections, February, 1980 :, 1980.